Piosenki - Young Leosia - Statystyki

Ogólne statystyki
  • Ten quiz został rozwiązany 524 razy
  • Średni wynik to 5 z 9
Statystyki odpowiedzi
Rok Piosenka % Poprawnych
2021 Szklanki
97%
2021 Jungle Girl
83%
2021 Baila Ella
73%
2021 Stonerki
66%
2020 Wyspy
59%
2021 Pościg
45%
2020 ULALA
41%
2021 Solitaire
30%
2020 Zakochałam się, ale zryłeś
17%
Nie znaleziono quizów pasujących do podanych kryteriów
Rozkład punktacji
Procent ludzi z każdym wynikiem
Percentyl według liczby udzielonych odpowiedzi
Twoja historia wyników
Nie rozwiązałeś tego quizu